Statistics for Top 25 Green Day songs

Click here to take the quiz!

General Stats

  • This quiz has been taken 35 times
  • The average score is 11 of 25

Answer Stats

Song% Correct
11American Idiot
96%
2Basket Case
92%
5Boulevard of Broken Dreams
80%
4Wake Me Up When September Ends
72%
2121 Guns
68%
1Good Riddance
64%
6Jesus of Suburbia
64%
3When I Come Around
64%
10Longview
56%
7St. Jimmy
52%
8She
48%
15Know Your Enemy
44%
13Welcome to Paradise
44%
20Warning
40%
9Burnout
32%
12Hitchin' A Ride
32%
19Redundant
32%
16Bang Bang
28%
23Still Breathing
28%
14Walking Contradiction
20%
25The Forgotten
16%
22The Grouch
16%
18Nuclear Family
12%
17Back In The USA
8%
24Troublemaker
8%

Score Distribution

Percentile by Number Answered

Percent of People with Each Score

Your Score History

You have not taken this quiz